A short account of early Muslim architecture

محفوظ في:

المؤلف الرئيسي: Creswell, Keppel Archibald Cameron (المبتكر)

مؤلفون آخرون: Creswell, Keppel A. C. 1879-1974, Creswell, K.A.C.

التنسيق: كتاب

اللغة: English

منشور في: Harmondsworth Baltimore Penguin books 1958

سلاسل: Pelican books ; 407
Pelican books ; 407
Pelican books. 407

الموضوعات:

الوسوم: إضافة وسم

لا توجد وسوم, كن أول من يضع وسما على هذه التسجيلة!

رقم الطلب: NA380 .C73 1958

LEADER 01282cam a2200349Mc 4500
001 on1283525306
003 OCoLC
005 20240222082954.0
008 201012s1958 mdu 00| 0 eng d
044 |a xxk  |a xxu  |a at 
050 4 |a NA380  |b .C73 1958 
100 1 |a Creswell, Keppel Archibald Cameron  |0 (RERO)A003143487  |4 cre 
245 1 0 |a A short account of early Muslim architecture  |c K.A.C. Creswell. 
246 1 |a Early Muslim architecture 
264 1 |a Harmondsworth  |a Baltimore  |b Penguin books  |c 1958 
300 |a XIV, 330 p., 72 p. de pl.  |b ill.  |c 18 cm 
336 |a text  |b txt  |2 rdacontent 
337 |a unmediated  |b n  |2 rdamedia 
338 |a volume  |b nc  |2 rdacarrier 
490 1 |a A Pelican book  |v A 407 
490 1 |a Pelican Books  |v A 407 
500 |a andere Ausgabe: <<A>> short account of early Muslim architecture 
500 |a Schmutztitel: Early Muslim architecture 
504 |a Bibliogr 
504 |a p. 323-324 
650 0 |a Islamic architecture. 
700 1 |a Creswell, Keppel A. C.  |d 1879-1974  |0 (DE-588)119275392 
700 1 |a Creswell, K.A.C.  |q Keppel Archibald Cameron 
830 0 |a Pelican books ;  |v 407  |w (SBT)000002194SBT01 
830 0 |a Pelican books ;  |v 407  |w (RERO)0338075-41slsp 
830 0 |a Pelican books.  |n A ;  |v 407  |w (NEBIS)001430695EBI01 
999 |c 57077  |d 57077